| 000 | 01668nab a22002297a 4500 | ||
|---|---|---|---|
| 999 |
_c5965 _d5965 |
||
| 003 | OSt | ||
| 005 | 20260114140828.0 | ||
| 008 | 190605e xxu||||| |||| 00| 0 spa d | ||
| 040 | _cPJ | ||
| 100 |
_96169 _aMosquera, Gerardo Raúl |
||
| 245 | 1 | 3 |
_aEl juego de las diferencias. ¿Indemnizaciones agravadas o multas? / _cGerardo R. Mosquera. |
| 260 |
_aCiudad Autónoma de Buenos Aires : _bThomson Reuters La Ley, _c2024. |
||
| 300 | _ap. 56-71 | ||
| 500 | _aCita: TR LALEY AR/DOC/2628/2024. | ||
| 505 | _aSumario: I. Introducción.— II. El conflicto de la retroactividad: sentencias divergentes.— III. Indemnizaciones derogadas: análisis y clasificación.— IV. Interpretación jurídica: discusión conceptual y terminológica.— V. Presunción de daño y responsabilidad objetiva.— VI. Indemnizaciones y causas de justificación: análisis y redacción correcta.— VII. Poder del lenguaje y su influencia en el derecho.— VIII. Análisis del art. 132 bis de la LCT, el art. 2° de la ley 25.323 y el art. 9° de la ley 25.013.— IX. Análisis del sistema de multas en el Pacto Federal del Trabajo (ley 25.212).— X. Indemnizaciones vs. Multas.— XI. Doctrina legal de la SCBA sobre la naturaleza de las indemnizaciones previstas en la ley 24.013.— XII. A modo de cierre. | ||
| 505 | _t¿Te interesa el texto completo? Solicitalo al correo: koha@justierradelfuego.gov.ar | ||
| 650 | 0 |
_91316 _aDERECHO LABORAL |
|
| 650 | 0 |
_91382 _aINDEMNIZACION |
|
| 650 | 0 |
_92488 _aMULTA |
|
| 773 | 0 |
_02711 _93168 _dCiudad Autónoma de Buenos Aires : Thomson Reuters La Ley, 1999-2002. _tRevista de derecho del trabajo. Nº 6 - Noviembre 2024 |
|
| 942 |
_2udc _cANA |
||